Science Quiz

Random Science Quiz
Score 0/12 Timer 10:00
0 Plays Today
Hint Answer % Correct
The part of an atom with a negative charge.Electron
97.3%
Part of an atom with a positive charge.Proton
86.3%
Subatomic particle that has no charge.Neutrons
49.3%
What subatomic particles are made of.Quarks
35.6%
Subatomic particles in the nucleus.Protons and Neutrons
24.7%
Part of the atom in the outer orbital and that deals with bonding.Valence electrons.
20.5%
The Atomic number minus the atomic mass equals______?Number of neutrons
20.5%
19.2%
Atomic number - # of electrons = __________.0.
16.4%
How many electrons can the third orbital hold?8
15.1%
Which Bills quarterback has won the most Super Bowls?They haven't won any.
13.7%
What determines atomic mass?Neutrons and Protons
9.6%
Remove Ads.
Support Sporcle.
Get the best of Sporcle when you Go Orange. This ad-free experience offers more features, more stats, and more fun while also helping to support Sporcle. Thank you for becoming a member.

You're not logged in!

Compare scores with friends on all Sporcle quizzes.
OR
Log In

Show Comments

Extras

Created Oct 9, 2013ReportNominate
Tags:atom

Top Quizzes Today


Score Distribution

Your Account Isn't Verified!

In order to create a playlist on Sporcle, you need to verify the email address you used during registration. Go to your Sporcle Settings to finish the process.

Report this User

Report this user for behavior that violates our Community Guidelines.

Details: